| 000 | 00421 a2200169 4500 | ||
|---|---|---|---|
| 020 | _a053455685X | ||
| 022 | _a9780534556853 | ||
| 082 | _a618.92 | ||
| 090 |
_c6274 _d6274 |
||
| 100 | _aThompson,Charles L. | ||
| 245 |
_aCounseling Children. _cCharles L.Thompson. |
||
| 250 | _a6th. | ||
| 260 |
_aSingapore. _bThomson Brooks/Cole. _c2004. |
||
| 300 | _a669p. | ||
| 500 | _aHard cover. | ||
| 942 |
_aNBS _cBK _k618.92 THO |
||
| 999 |
_c348643 _d348643 |
||